| 000 | 00706nam a2200193 i 4500 | ||
|---|---|---|---|
| 001 | 70404 | ||
| 003 | ES-MaACL | ||
| 005 | 20230906170817.0 | ||
| 007 | t| | ||
| 008 | 040723s1928 sp ||||1| spa d | ||
| 100 | 1 |
_aGarcía Santillán, Juan Carlos. _955276 |
|
| 245 | 1 | 0 |
_aLegislación sobre indios del Rio de la Plata en el siglo XVI / _cpor Juan Carlos García Santillán. |
| 260 |
_aMadrid : _b[s.n., _c1928] ( _fImp. del Asilo de Huérfanos del S. C. de Jesús) |
||
| 300 |
_a464 p., 7 lám. : _bmap. ; _c25 cm. |
||
| 490 | 1 | _aBiblioteca de historia Hispano-Americana | |
| 830 | 0 |
_aBiblioteca de historia Hispano-Americana _9228965 |
|
| 852 |
_aES-MaACL _jA-108 _bR.9067 |
||
| 999 |
_c70404 _d70404 |
||